Statistics for Animals: No Vowels

Click here to take the quiz!

General Stats

  • This quiz has been taken 37,860 times
    (37,843 since last reset)
  • The average score is 14 of 20

Answer Stats

HintAnswer% Correct
BFFLBuffalo
94%
LNXLynx
94%
TGRTiger
93%
VLTRVulture
87%
PTHNPython
86%
BDGRBadger
83%
BVRBeaver
82%
LNLion
80%
PNGNPenguin
80%
BRBear
75%
KNGRKangaroo
75%
RCNRacoon
69%
BBNBaboon
64%
HNHyena / Hen
63%
PLCNPelican
62%
PGNPigeon
52%
SLSeal
51%
TRTSTortoise
50%
GLEagle
31%
LPCAlpaca
26%

Score Distribution

Percentile by Number Answered

Percent of People with Each Score

Your Score History

You have not taken this quiz since the last reset